Estatísticas para Países do Mundo com Mapa Vazio

Clique aqui para jogar o quiz

Estatísticas Gerais

  • Esse quiz foi jogado 66 115 vezes
  • A pontuação média é 137 de 196

Respostas no mapa

Respostas codificadas por cores de uma escala verde-vermelha no mapa do quiz de acordo com a % correta abaixo.
Carregando ...
 

Estatísticas das Respostas

País% Correto
Brasil
98%
Canadá
96%
Estados Unidos
96%
Rússia
95%
China
95%
Argentina
95%
México
95%
França
94%
Alemanha
93%
Paraguai
93%
Austrália
93%
Japão
92%
Espanha
92%
Chile
92%
Bolívia
92%
Portugal
92%
Uruguai
92%
África do Sul
92%
Itália
91%
Colômbia
91%
Peru
90%
Venezuela
90%
Egito
89%
Índia
89%
Equador
88%
Guiana
87%
Reino Unido
87%
Coreia do Sul
87%
Coreia do Norte
87%
Suécia
86%
Suíça
86%
Dinamarca
85%
Finlândia
85%
Irã
85%
Cuba
84%
Grécia
83%
Suriname
83%
Panamá
83%
Polônia
83%
Turquia
83%
Nova Zelândia
83%
Áustria
82%
Angola
82%
Noruega
82%
Marrocos
81%
Países Baixos
81%
Arábia Saudita
81%
República do Congo
80%
Irlanda
80%
Iraque
80%
República Democrática
do Congo
80%
Níger
79%
Bélgica
79%
Indonésia
78%
Cazaquistão
78%
Argélia
78%
Costa Rica
78%
Ucrânia
78%
Israel
78%
Mongólia
78%
Croácia
77%
Paquistão
77%
Islândia
77%
Honduras
77%
Madagascar
77%
Afeganistão
76%
Lituânia
75%
Sudão
75%
Bielorrússia
75%
Haiti
75%
República Tcheca
75%
Nigéria
75%
Jamaica
75%
Eslováquia
75%
Guiné
74%
Vaticano
73%
Tailândia
73%
Letônia
73%
Romênia
73%
Hungria
73%
Estônia
73%
Líbia
72%
Moçambique
72%
Eslovênia
72%
Nicarágua
72%
Guatemala
72%
Vietnã
71%
Etiópia
71%
Nepal
71%
Camarões
71%
El Salvador
70%
República Dominicana
70%
Síria
70%
Filipinas
70%
Sérvia
69%
Bósnia e Herzegovina
68%
Costa do Marfim
68%
Bulgária
68%
Albânia
68%
Luxemburgo
68%
Emirados Árabes
Unidos
68%
Sudão do Sul
67%
Senegal
67%
Somália
67%
Omã
67%
Zimbábue
67%
Líbano
67%
Butão
67%
Bahamas
67%
Gana
66%
Belize
66%
Tunísia
66%
Andorra
66%
Chipre
66%
Uzbequistão
66%
Laos
65%
Zâmbia
65%
Papua Nova Guiné
65%
Quênia
65%
Armênia
65%
Turcomenistão
65%
Azerbaijão
64%
Catar
64%
Malásia
64%
Mônaco
64%
Macedônia do
Norte
64%
Cabo Verde
64%
Kosovo
64%
Jordânia
63%
Montenegro
63%
Malta
63%
Mali
63%
Iêmen
63%
Taiwan
62%
Chade
62%
Geórgia
62%
Guiné-Bissau
62%
Bangladesh
61%
Namíbia
61%
República
Centro-Africana
61%
Camboja
60%
Guiné Equatorial
60%
Fiji
60%
Togo
60%
Sri Lanka
60%
Uganda
60%
Botswana
60%
Lesoto
59%
Ruanda
59%
Moldávia
59%
Maldivas
59%
Mauritânia
59%
Trinidad e Tobago
59%
Tanzânia
59%
San Marino
58%
Singapura
58%
São Tomé e Príncipe
58%
Barbados
57%
Quirguistão
57%
Birmânia
56%
Serra Leoa
56%
Libéria
56%
Eritreia
56%
Tajiquistão
55%
Gabão
55%
Dominica
55%
Kuwait
54%
Estados Federados da
Micronésia
54%
Malawi
53%
Essuatíni
52%
Ilhas Marshall
52%
Burkina Faso
52%
Brunei
52%
Santa Lúcia
51%
Antígua e Barbuda
51%
Gâmbia
51%
Palau
51%
Ilhas Salomão
51%
Timor-Leste
51%
Benim
51%
Liechtenstein
51%
Maurício
50%
Seychelles
50%
Bahrein
50%
Tonga
49%
Djibouti
49%
Comores
49%
Tuvalu
49%
Granada
49%
Burundi
49%
São Vicente e
Granadinas
48%
Kiribati
48%
Vanuatu
47%
Samoa
47%
São Cristóvão
e Nevis
47%
Nauru
45%

Distribuição das Pontuações

Percentil de Números Respondidos

Porcentagem de Pessoas com Cada Pontuação

Sua Pontuação Histórica

Você não jogou esse quiz